Lado a lado : una explicación concisa de la igualdad bíblica / Janet George (Registro nro. 44954)
[ vista simple ]
| 000 -LÍDER | |
|---|---|
| Campo fijo de descripción fija | 006590000a22001450004500 |
| 020 ## - NÚMERO INTERNACIONAL NORMALIZADO PARA LIBROS | |
| Número Internacional Normalizado del libro | 978-1-939971-03-6 |
| 001 - NÚMERO DE CONTROL | |
| Campo de control | 18535 |
| 100 1# - ASIENTO PRINCIPAL--NOMBRE PERSONAL | |
| Nombre personal | George, Janet |
| 245 10 - TÍTULO | |
| Título del Material | Lado a lado : una explicación concisa de la igualdad bíblica / Janet George |
| 260 ## - PUBLICACIÓN, DISTRIBUCIÓN, ETC. (PIE DE IMPRENTA) | |
| Lugar de publicación, distribución, etc. | Mineapolis : Christians for Biblical Equality |
| 505 00 - NOTA DE CONTENIDO | |
| Nota de contenido con formato preestablecido | La creación -- La caída -- La igualdad bíblica -- Uno en Cristo --- Jesús y las mujeres -- Los dones espirituales -- Las mujeres en la Biblia -- Dificultades en la iglesia primitiva -- El silencio -- La autoridad y la enseñanza -- La sumisión |
| 650 14 - ASIENTO SECUNDARIO DE MATERIA - TERMINO TEMÁTICO | |
| Término temático o nombre geográfico como elemento de entrada | BIBLIA Y FEMINISMO \ RELIGION Y FEMINISMO |
| 942 ## - TIPO DE MATERIAL (KOHA) | |
| Tipo de Item KOHA | Libros General |
| Estado de Material | Estado de Perdido | Estado de Dañado | No para Préstamo | Colección | Tomo | Biblioteca de Origen | Biblioteca Permanente | Fecha de Adquisición | Total de Préstamos | Signatura Topográfica | Código de Barras | Última vez visto | Ejemplar/Existencia | Fecha de Remplazo | Tipo de Material |
|---|---|---|---|---|---|---|---|---|---|---|---|---|---|---|---|
| Colección Folletos | Biblioteca FUSBC | Biblioteca FUSBC | 12/08/2014 | AV 0463 | 18502 | 12/12/2019 | 1 | 26/01/2016 | Documentos Archivo Vertical | ||||||
| Colección Folletos | Biblioteca FUSBC | Biblioteca FUSBC | 12/08/2014 | AV 0463 | 18504 | 12/12/2019 | 3 | 26/01/2016 | Documentos Archivo Vertical | ||||||
| Colección Folletos | Biblioteca FUSBC | Biblioteca FUSBC | 12/08/2014 | AV 0463 | 18503 | 12/12/2019 | 2 | 26/01/2016 | Documentos Archivo Vertical |
